000
00264nam a22001217a 4500
008
181102b xxu||||| |||| 00| 0 eng d
041
_a
eng
080
_a
610
100
_a
4
101
_a
shm
245
_a
Great Traditon In Ethics
_c
Albert.p
942
_2
udc
_c
BK
999
_c
51626
_d
51626